IFM Opac

Business Math Brief (Record no. 22205)

MARC details
000 -LEADER
fixed length control field 00357nam a22001577a 4500
020 ## - INTERNATIONAL STANDARD BOOK NUMBER
ISBN 978-1-292-03981-7
082 ## - DEWEY DECIMAL CLASSIFICATION NUMBER
Classification number 650.01513
100 ## - MAIN ENTRY--AUTHOR NAME
Personal name Cleaves, Cheryl
245 ## - TITLE STATEMENT
Title Business Math Brief
250 ## - EDITION STATEMENT
Edition statement 10th
260 ## - PUBLICATION, DISTRIBUTION, ETC. (IMPRINT)
Place of publication Harlow:
Name of publisher Person,
Year of publication 2014
300 ## - PHYSICAL DESCRIPTION
Number of Pages 660p.: ill.; 28cm
700 ## - ADDED ENTRY--PERSONAL NAME
Personal name Hobbs, Margie
700 ## - ADDED ENTRY--PERSONAL NAME
Personal name Noble, Jeffrey
942 ## - ADDED ENTRY ELEMENTS (KOHA)
Koha item type Books
Holdings
Withdrawn status Lost status Damaged status Not for loan Collection code Permanent Location Current Location Shelving location Date acquired Source of acquisition Full call number Accession Number Price effective from Koha item type
        Non-fiction IFM Main Campus Library IFM Main Campus Library Work Room processing 01/23/2026 Purchased 650.01513 CLE 0000030406 01/23/2026 Books
        Non-fiction IFM Main Campus Library IFM Main Campus Library Work Room processing 01/23/2026 Purchased 650.01513 CLE 0000030407 01/23/2026 Books
        Non-fiction IFM Main Campus Library IFM Main Campus Library Work Room processing 01/23/2026 Purchased 650.01513 CLE 0000030408 01/23/2026 Books